[Event "AUTO-INT-949"]
[Site "http://www.queenalice.com/game.php?id=425957"]
[Date "2008.7.1"]
[Round "1"]
[White "akarus"]
[Black "Kay"]
[Result "1-0"]
[WhiteElo "1844"]
[BlackElo "1673"]

1. e4 e5 2. Nf3 Nf6 3. Nc3 d5 4. exd5 Nxd5 5. Bc4 Nf4 6. O-O e4 7. Nxe4 Bf5 8.
Ng3 Bg4 9. Re1+ Be7 10. d3 Nxg2 11. Kxg2 O-O 12. Qe2 Bh4 13. Qe4 Bxf3+ 14. Qxf3
Nc6 15. Qg4 Nd4 16. Bh6 Bf6 17. Bxg7 Bxg7 18. Nh5 Ne6 19. Bxe6 Qd4 20. Qxg7+
Qxg7+ 21. Nxg7 fxe6 22. Nxe6 Rf5 23. c4 Kf7 24. Nxc7 Rg8+ 25. Kh1 Rxf2 26. Rf1
Rxf1+ 27. Rxf1+ Ke7 28. Nd5+ Ke6 29. d4 Kd6 30. Rf7 Rg4 31. Rxh7 Rxd4 32. b3
Rd1+ 33. Kg2 Rd2+ 34. Kg3 Rxa2 35. Rxb7 a5 36. h4 Ra3 37. Kg4 Kc6 38. Rb5 a4 39.
bxa4 Rxa4 40. Rb4 Ra7 41. h5 Kc5 42. h6 1-0

[Event "AUTO-INT-949"]
[Site "http://www.queenalice.com/game.php?id=425974"]
[Date "2008.7.1"]
[Round "1"]
[White "CJ"]
[Black "akarus"]
[Result "0-1"]
[WhiteElo "1650"]
[BlackElo "1806"]

1. e4 e5 2. Nf3 Nc6 3. d4 Nf6 4. Nxe5 Nxe5 5. dxe5 Nxe4 6. Qf3 d5 7. Nc3 Bb4 8.
Bd3 Nxc3 9. a3 Ba5 10. b4 Bb6 11. O-O Be6 12. Bb5+ Nxb5 13. Bb2 O-O 14. Rad1 Qg5
15. h3 c6 16. Rd3 d4 17. a4 Nc3 18. a5 Bc7 19. Rxd4 Bd5 20. Qg3 Ne2+ 0-1

[Event "AUTO-INT-949"]
[Site "http://www.queenalice.com/game.php?id=425975"]
[Date "2008.7.1"]
[Round "1"]
[White "akarus"]
[Black "CJ"]
[Result "1-0"]
[WhiteElo "1836"]
[BlackElo "1469"]

1. e4 e5 2. Nf3 d6 3. d4 Nc6 4. Bb5 f5 5. d5 a6 6. Bxc6+ bxc6 7. dxc6 fxe4 8.
Ng5 Qf6 9. Nxe4 Qh4 10. Nbc3 Bg4 11. Qd3 Nf6 12. Bg5 Qh5 13. Bxf6 Be7 14. Bxe7
Kxe7 15. f3 Bf5 16. O-O Qg6 17. Nd5+ Kd8 18. Rad1 Rf8 19. c4 Rb8 20. Qd2 Bh3 21.
Qg5+ Qxg5 22. Nxg5 Bf5 23. g4 h6 24. Ne4 Bxe4 25. fxe4 Rxf1+ 26. Rxf1 1-0

[Event "Challenge"]
[Site "http://www.queenalice.com/game.php?id=435533"]
[Date "2008.7.18"]
[Round "-"]
[White "attachui"]
[Black "akarus"]
[Result "1-0"]
[WhiteElo "1944"]
[BlackElo "1861"]

1. e4 e5 2. Nf3 Nc6 3. Bb5 f5 4. Nc3 fxe4 5. Nxe4 d5 6. Ng3 Bd6 7. O-O Ne7 8. d4
e4 9. Nh4 O-O 10. c4 Be6 11. c5 Bxg3 12. hxg3 Nf5 13. Nxf5 Bxf5 14. Bxc6 bxc6
15. Bf4 g5 16. Be5 g4 17. f3 Qd7 18. fxe4 Bxe4 19. Qd2 Qe6 20. Bxc7 Rxf1+ 21.
Rxf1 Rf8 22. Qg5+ Bg6 23. Rxf8+ Kxf8 24. Be5 Kg8 25. Qd8+ Qe8 26. Qf6 Qf8 27.
Qe6+ Qf7 28. Qxg4 Qf5 29. Qf4 Qb1+ 30. Kh2 Qf5 31. b4 Qh5+ 32. Qh4 a6 33. Qh3
Qf5 34. g4 Qg5 35. Qf3 Qh4+ 36. Kg1 Qe1+ 37. Kh2 Qh4+ 38. Qh3 Qg5 39. a4 Kf7 40.
b5 cxb5 41. axb5 axb5 42. c6 Ke6 43. c7 Kd7 44. Qc3 Kc8 45. Qa1 Qh6+ 46. Kg1
Qe3+ 47. Kh1 Kb7 48. c8=Q+ Kxc8 49. Qa8+ Kd7 50. Qxd5+ Ke7 51. Qd6+ Kf7 52. Qf6+
Ke8 53. Qe6+ Kd8 54. Bc7+ 1-0

[Event "Challenge"]
[Site "http://www.queenalice.com/game.php?id=438822"]
[Date "2008.7.25"]
[Round "-"]
[White "akarus"]
[Black "blikinn"]
[Result "0-1"]
[WhiteElo "1887"]
[BlackElo "1955"]

1. e4 e5 2. Nf3 Nc6 3. Bb5 Nge7 4. d4 exd4 5. O-O a6 6. Ba4 b5 7. Bb3 h6 8. Nxd4
Nxd4 9. Qxd4 Bb7 10. f4 Nc6 11. Qd3 Bc5+ 12. Be3 Qe7 13. Bxc5 Qxc5+ 14. Kh1 Qe7
15. Nc3 Nb4 16. Qg3 O-O 17. e5 c5 18. a3 c4 19. Ba2 Nd5 20. Nxd5 Bxd5 21. Rad1
Bc6 22. Rd6 f6 23. Rfd1 fxe5 24. fxe5 Kh8 25. h4 Rf5 26. e6 Rd8 27. b3 Rdf8 28.
bxc4 Rf2 29. Rg1 R8f4 0-1

[Event "Challenge"]
[Site "http://www.queenalice.com/game.php?id=439992"]
[Date "2008.7.28"]
[Round "-"]
[White "akarus"]
[Black "Nyvang"]
[Result "1-0"]
[WhiteElo "1811"]
[BlackElo "1738"]

1. e4 g6 2. d4 Bg7 3. Be3 b6 4. Nf3 Bb7 5. Bc4 Bxe4 6. Ng5 e6 7. Nxe4 d5 8. Bxd5
exd5 9. Qf3 Qe7 10. Nec3 c6 11. Nxd5 cxd5 12. Qxd5 Nh6 13. Qxa8 O-O 14. O-O Qc7
15. Qe4 Nd7 16. Bxh6 Bxh6 17. Nc3 Nf6 18. Qh4 Kg7 19. Ne4 Nxe4 20. Qxe4 Bg5 21.
Qe5+ Qxe5 22. dxe5 Bf4 23. Rfe1 Re8 24. c3 Bxe5 25. f4 f6 26. fxe5 fxe5 27. Re4
Kf6 28. Rae1 h5 29. Kf2 Re6 30. h3 g5 31. g4 h4 32. Ke3 a5 33. Rf1+ Ke7 34. Rf5
b5 35. Rfxe5 Rxe5 36. Rxe5+ Kf6 37. Rxb5 a4 38. Rf5+ Kg6 39. c4 Kh6 40. c5 Kg6
41. c6 Kh6 42. c7 Kg6 43. c8=Q Kh6 44. Qg8 1-0

[Event "C 03"]
[Site "http://www.queenalice.com/game.php?id=454481"]
[Date "2008.8.27"]
[Round "-"]
[White "grazo"]
[Black "akarus"]
[Result "1-0"]
[WhiteElo "1947"]
[BlackElo "1840"]

1. e4 e5 2. Nf3 Nc6 3. d4 exd4 4. Nxd4 Nf6 5. Nxc6 bxc6 6. Bd3 Bc5 7. Bg5 h6 8.
Bd2 d6 9. b4 Bb6 10. Bc3 Bg4 11. Be2 Nxe4 12. O-O 1-0

[Event "Challenge"]
[Site "http://www.queenalice.com/game.php?id=464210"]
[Date "2008.9.16"]
[Round "-"]
[White "Nyvang"]
[Black "akarus"]
[Result "0-1"]
[WhiteElo "1738"]
[BlackElo "1872"]

1. g3 d5 2. b3 Nf6 3. Bg2 e6 4. Bb2 Be7 5. d4 Nbd7 6. Nf3 b6 7. O-O O-O 8. Nc3
Ba6 9. Re1 c5 10. e4 dxe4 11. Nxe4 Nxe4 12. Rxe4 Nf6 13. Re1 Rc8 14. c4 Bb7 15.
Ne5 Bxg2 16. Kxg2 Qc7 17. d5 exd5 18. Ng4 Nxg4 19. Qxg4 d4 20. Rad1 f5 21. Qe2
Qc6+ 22. Kg1 Bd6 23. Qe6+ Kh8 24. Qd5 Qxd5 25. cxd5 Rcd8 26. a4 Bb8 27. f4 Rxd5
28. Ra1 a6 29. Ba3 d3 30. b4 Rc8 31. bxc5 bxc5 32. Rad1 c4 33. Re3 Ba7 0-1

[Event "Challenge"]
[Site "http://www.queenalice.com/game.php?id=464493"]
[Date "2008.9.17"]
[Round "-"]
[White "Allancristian"]
[Black "akarus"]
[Result "0-1"]
[WhiteElo "1471"]
[BlackElo "1872"]

1. e4 e5 2. d4 exd4 3. Qxd4 Nc6 4. Qd1 Nf6 5. Bg5 h6 6. Bxf6 Qxf6 7. Nf3 Bc5 8.
Qe2 Qxb2 9. Qc4 Qxa1 10. Nd2 Qd4 11. Qxd4 Bxd4 12. c3 Bb6 13. Bc4 d6 14. Nf3 Be6
15. Bd3 O-O 16. O-O Bxa2 17. Na3 Be6 18. c4 Ne5 19. Nxe5 dxe5 20. Nb5 Rad8 21.
Bc2 Bxc4 22. Rb1 Bxb5 0-1

[Event "Rematch"]
[Site "http://www.queenalice.com/game.php?id=473341"]
[Date "2008.10.6"]
[Round "-"]
[White "akarus"]
[Black "attachui"]
[Result "0-1"]
[WhiteElo "1814"]
[BlackElo "1988"]

1. e4 c5 2. Nc3 d6 3. g3 g6 4. d3 Bg7 5. Bg2 Nc6 6. Be3 Nf6 7. Nge2 O-O 8. Rb1
Re8 9. O-O Be6 10. a3 Rc8 11. f4 Ng4 12. Bd2 f5 13. h3 Nf6 14. b4 cxb4 15. axb4
a6 16. e5 dxe5 17. fxe5 Nxe5 18. b5 a5 19. Bf4 Nh5 20. Na4 Bd5 21. Rf2 Bxg2 22.
Rxg2 Nf3+ 23. Kf1 Nd4 24. c4 e5 25. Bc1 f4 26. Nxd4 Qxd4 0-1

[Event "AUTO-INT-949"]
[Site "http://www.queenalice.com/game.php?id=483263"]
[Date "2008.10.26"]
[Round "2"]
[White "Dyggo"]
[Black "akarus"]
[Result "1-0"]
[WhiteElo "1717"]
[BlackElo "1804"]

1. e4 e5 2. Nf3 Nc6 3. Bb5 f5 4. Nc3 fxe4 5. Nxe4 d5 6. Nxe5 dxe4 7. Nxc6 Qg5 8.
Qe2 Nf6 9. f4 Qxf4 10. d4 Qh4+ 11. g3 Qh3 12. Nxa7+ 1-0

[Event "AUTO-INT-949"]
[Site "http://www.queenalice.com/game.php?id=483264"]
[Date "2008.10.26"]
[Round "2"]
[White "akarus"]
[Black "Dyggo"]
[Result "0-1"]
[WhiteElo "1782"]
[BlackElo "1736"]

1. e4 c5 2. Nc3 Nc6 3. d3 g6 4. g3 Bg7 5. Bg2 d6 6. Be3 Nf6 7. Nge2 O-O 8. Rb1
Ng4 9. O-O Nxe3 10. fxe3 Rb8 11. a3 Bh6 0-1

[Event "AUTO-INT-949"]
[Site "http://www.queenalice.com/game.php?id=483265"]
[Date "2008.10.26"]
[Round "2"]
[White "hendrixx"]
[Black "akarus"]
[Result "1-0"]
[WhiteElo "1712"]
[BlackElo "1869"]

1. e4 e5 2. Nf3 Nc6 3. Bb5 f5 4. Nc3 fxe4 5. Nxe4 d5 6. Nxe5 dxe4 7. Nxc6 Qg5 8.
Nd4+ c6 9. Nxc6 Qxb5 10. Nd4 Qg5 11. O-O 1-0

[Event "AUTO-INT-949"]
[Site "http://www.queenalice.com/game.php?id=483266"]
[Date "2008.10.26"]
[Round "2"]
[White "akarus"]
[Black "hendrixx"]
[Result "0-1"]
[WhiteElo "1840"]
[BlackElo "1734"]

1. e4 c5 2. Nc3 d6 3. d3 Nf6 4. g3 a6 5. Bg2 g6 6. Be3 Bg7 7. Nge2 Qb6 8. Rb1
O-O 9. O-O Nc6 10. a3 Be6 0-1